Statistiken für Ende gut alles gut

Klicken Sie hier um das Quiz zu spielen!

Allgemein

  • Dieses Quiz wurde 264 mal gespielt
    (261 seit der letzten Aktualisierung)
  • Das Durchschnittsergebnis liegt bei 6 aus 8

Antwortstatistiken

Antwort% Korrekt
Berlin
94%
Bremen
92%
Hamburg
91%
Bayern
87%
Sachsen
76%
Hessen
63%
Mecklenburg-Vorpommern
54%
Rheinland Pfalz
39%

Verteilung der Resultate

Perzentil nach korrekt beantworteten Fragen

Anzahl Personen mit jedem Resultat

Ihre Resultats-Entwicklung

Sie haben dieses Quiz seit der letzten Aktualisierung nicht gespielt